00602 2200241 4500001002100000005001700021006001900038008004100057020002200098035002500120090001400145100001400159245001900173260003200192700001700224990001700241990001700258990001700275990001700292990001700309990001700326990001700343INLIS00000000000848420141127085342.0a ||| | 180719| ||| |  a978-979-063-598-2 a0010-081300000000121 a813 GON o0 aGola Gong00aombak dan jala aJakartabzikrul hakimc20100 aTias Tatanka a8651/PN/2013 a9006/PN/2013 a8651/PN/2013 a9006/PN/2013 a8651/PN/2013 a9006/PN/2013 a8651/PN/2013